| 000 | 00630nam a2200193 a 4500 | ||
|---|---|---|---|
| 005 | 20220328091814.0 | ||
| 008 | 991125n 000 0 spa u | ||
| 035 | _aUPN01000063291 | ||
| 100 | 1 |
_aIsaacs, David _938560 |
|
| 222 | _aREVISTA ESPAÑOLA DE PEDAGOGIA | ||
| 245 | _aLa agrupación de los objetos en EGB utilizando la técnica del análisis factorial en un estudio longitudinal: 1975-1979-1983 | ||
| 300 | _a575-587 | ||
| 362 | _a1984 Año 42, no. 166, oct.-dic. | ||
| 653 | 0 | _aEDUCACION BASICA | |
| 653 | 0 | _aINVESTIGACION EDUCATIVA | |
| 653 | 0 | _aOBJETIVOS EDUCATIVOS | |
| 904 |
_aAC _b001102 |
||
| 905 | _aArticulo | ||
| 999 |
_c62055 _d62055 |
||